MDQL
is popping MORE tags! Check the
thread
!
Quizzes
Events
Quiz Creation
Community
Videos
Private Events
Remove Ads
Sign In
Join for FREE
Feedback
Dark Mode
Quiz Categories
Sports
Geography
Music
Movies
Television
Just For Fun
Miscellaneous
History
Literature
Language
Science
Gaming
Entertainment
Religion
Holiday
For Kids
Quiz Lab
Recent
Popular Today
Quiz Kudos Today
Editor Picks
Curator Picks
Quizzes by...
Day
Popularity
Type
Ratings
Length
Year
Community
Subscriptions
Recent Discussions
Orange Saloon
Badges
Playlists
Quests
Create
Leaderboards
Showdown
Live 5
Trivia Bingo
Activity
Puzzle Library
Sporcle Events
Private Events
Virtual Trivia
Globe League
Become a Host
Pub Owners
SporcleCon
Opinionation
Our Games
Videos
Blog
Mobile Apps
Partnerships
Remove Ads and Go Orange
Feedback
Just For Fun
Clickable
Get the Picture
Humor
Quick Pick
Word Ladder
Missing Word
Mixed Word
Blitz
Minefield
This or That
Alphabet
Color
Typing
Sporcle
Puzzle
Word Play
Follow That Line
Logic
Just For Fun
Clickable
Get the Picture
Humor
Quick Pick
Word Ladder
Missing Word
Mixed Word
Blitz
Minefield
This or That
Alphabet
Color
Typing
Sporcle
Puzzle
Word Play
Follow That Line
Logic
Random Quiz
Search Sporcle
×
Quiz Lab
Quiz Lab
Just For Fun
This or That
Type in answers that appear in a list
Type in answers that appear in a list
Classic
Best Score? Go Orange.
Male or Female Stats
Can you name the answers to these this or that questions?
By
mdmachoman
4m
30 Questions
1,941 Plays
1,941 Plays
1,941 Plays
Comments
Comments
Give Quiz Kudos
Give Quiz Kudos
-
- Ratings
hide this ad
More Info
Forced Order
Answers have to be entered in order
Answers have to be entered in order
Wrong Answers
Some wrong answers will appear in red
Some wrong answers will appear in red
Replay
Link that replays current quiz
Next Quiz
Link to next quiz in quiz playlist
You Got
0%
They Got
Avg Score
56%
Avg Friend Score
Upgrade to see
Score Distribution
Jump to the score distribution portion of the page
Score
0/30
Timer
04:00
0
Plays Today
Person
A for Male; B for Female
% Correct
Taylor Swift
???
87.2%
Cameron Diaz
???
74.4%
Taylor Lautner
???
66.8%
Moon Bloodgood
???
66.8%
Peyton List
???
61.7%
Lyndsy Fonseca
???
61.3%
Sasha Vujacic
???
58.3%
Blair O'Neal
???
55.2%
Andrea Bargnani
???
54.9%
Odette Yustman
???
54.8%
Carling Coffing
???
53.9%
Alexis Bellino
???
53.7%
Angel Sanchez
???
52.8%
Lindsey Hunter
???
52%
Cameron Maybin
???
51.9%
Person
A for Male; B for Female
% Correct
Torii Hunter
???
51.8%
Zaza Pachulia
???
51.5%
Emmanuelle Chriqui
???
51.4%
Ashley Lelie
???
50.8%
Coco Crisp
???
50.7%
Kelly Johnson
???
50.4%
Anouk Hoogendijk
???
49.5%
Alexis Rios
???
49.5%
Ashley Leggat
???
48.6%
Aubrey Huff
???
48.6%
Navi Rawat
???
48.4%
Sasha Pavlovic
???
47.2%
Danneel Harris
???
46.2%
Angel Pagan
???
46.1%
Christian Serratos
???
43.6%
Quiz Playlist
Details
Report
Send in Message
Add To Playlist
More Info:
A for Male, B for Female
Classic:
Type in answers that appear in a list
Forced Order:
Answers have to be entered in order
Wrong Answers:
Some wrong answers will appear in red
Last Updated: Feb 16, 2017
Quiz Scoreboard
CHALLENGE
Sign Up to Join the Scoreboard
Show All
Scores
Hide
Comments
May contain spoilers
Recently Published
5x2 Blitz: Bands
by SL_Kpop136
Music
30s
Colored Red Africa Blitz
by spor1
Geography
30s
Find the 'City' Movie
by crazypaving
Movies
60s
More to Explore
Quiz From the Vault
Featured Blog Post
14 Easter Pick-up Lines to Find Eggs With
hide this ad
You Might Also Like...
Tags
This or That Quiz
female
Gender
Genderless
male
name
Unisex
Today's Top Quizzes in Just For Fun
Browse Just For Fun
hide this ad
Today's Top Quizzes in This or That
Browse This or That
Top Contributed Quizzes in Just For Fun
1
Avatar the Last Airbender: Logic Puzzle
2
Name Just One - 10 to 1: Just For Fun
3
Missing Word: 2-Letter A-Z II
4
Missing Letter Whitney Houston Songs
5
Survivor Winners Logic Puzzle
6
Shadowhunters Protagonists Logic Quiz
7
Quick 5-Color Logic (18)
8
Medium Renzoku Puzzle 11
9
It's Magic / Witchcraft 🎩🪄🧙♀️
10
Killer Double Trees 224 - Colour Match-Up
Explore More
Trending Topics
Kpop
NBA
Marvel
Disney
Anime
Harry Potter
Crossword
WWE
NFL
Pokémon
Soccer
The Office
Puzzle
Country
Song
hide this ad
More By:
mdmachoman
Quiz
Plays
Rating
Category
Featured
Created
AP Lang. Literary Terms
14,439
4.00
Language
Oct 18, 2012
Losers of the 2000's
5,104
3.72
Sports
Aug 20, 2010
Male or Female
1,941
3.06
Just For Fun
Jun 14, 2011
Fall out Boy Titles in Lyrics
335
3.50
Music
Nov 25, 2010
Top 25 MLB Players with stuff on eBay
195
2.29
Sports
Aug 3, 2010
Go to Creator's Profile
Score Distribution
Quiz Creator Spotlight
mdmachoman
Follow
Send a Message
Quizzes Created
-
Created Quiz Play Count
-
More By This Creator
Popular Quizzes Today
1
Colored Red Africa Blitz
2
Find the 'City' Movie
3
Find the US States - No Outlines Minefield
4
5x2 Blitz: Bands
5
The Countries of the World
6
Find the US States
7
US States
8
9x9 Crossword: Cartoon Network
More Just For Fun Quizzes
Word Ladder: Airport Shopping
Published
Trending Quizzes
Colored Red Europe Blitz I
Colored Red Europe Blitz II
Colored Red Africa Blitz II
Colored Red Europe Blitz III
Colored Red Africa Blitz III
Recently Updated
How Do You Spell That?
pecheneg
Godzilla Movies
pecheneg
Grab Bag: 4-10 Letters
pecheneg
2024 March Madness Bracket
pecheneg
Famous TV Couples
Peacemaker
Champions League XIs: Real Madrid
pecheneg
Largest US Cities 1790-2010
pecheneg
Rides in Walt Disney World
pecheneg
Most Oscar Losses (Acting)
pecheneg
Beyoncé Albums
pecheneg
Trending Topics
Harry Potter
Kpop
Marvel
NBA
Crossword
Disney
Anime
Puzzle
Country
Song
WWE
The Office
NFL
Soccer
Pokémon
Your Account Isn't Verified!
In order to create a playlist on Sporcle, you need to verify the email address you used during registration. Go to your
Sporcle Settings
to finish the process.
Report this User
Report this user for behavior that violates our
Community Guidelines
.
Details:
Send Report
Go to the Sporcle.com Mobile Site →
Comments